000
00295nam a2200109 4500
999
_c
9680
_d
9680
008
180713b ||||| |||| 00| 0 eng d
245
_a
Best, brightest in PBA to be feted.
260
_a
Philippines
_b
The Philippine Star
_c
c2017
300
_a
page 18.
650
0
_9
28671
_a
Sports.
942
_2
ddc
_c
PER